Considérations sur les causes de la grandeur et de la décadence de la monarchie espagnole / (Record no. 165171)

MARC details
000 -LEADER
campo de control de longitud fija 00716nam a2200169 i 4500
001 - NÚMERO DE CONTROL
campo de control 165171
003 - IDENTIFICADOR DE NÚMERO DE CONTROL
campo de control ES-MaACL
005 - FECHA Y HORA DE LA ÚLTIMA TRANSACCIÓN
campo de control 20230906213059.0
008 - DATOS DE LONGITUD FIJA--INFORMACIÓN GENERAL
campo de control de longitud fija 991202s1826 fr |||| | fre d
040 ## - FUENTE DE CATALOGACIÓN
Centro catalogador/agencia de origen M-RAJU
Lengua de catalogación spa
Centro/agencia transcriptor M-RAJU
Centro/agencia modificador CCPB | B
100 1# - ENTRADA PRINCIPAL--NOMBRE DE PERSONA
Nombre de persona Sempere y Guarinos, Juan (
Fechas asociadas al nombre 1754-1830)
9 (RLIN) 105412
245 10 - MENCIÓN DEL TÍTULO
Título Considérations sur les causes de la grandeur et de la décadence de la monarchie espagnole /
Mención de responsabilidad, etc. par Sempéré ; tome premier [- seconde partie].
260 ## - PUBLICACIÓN, DISTRIBUCIÓN, ETC.
Lugar de publicación, distribución, etc. Paris :
Nombre del editor, distribuidor, etc. Jules Renouard,
Fecha de publicación, distribución, etc. 1826.
300 ## - DESCRIPCIÓN FÍSICA
Extensión 2 t. ([4], xxiii, [xxiv], 320 p.; [4], 295, [1] p.) ;
Dimensiones 18 cm.
650 #4 - PUNTO DE ACCESO ADICIONAL DE MATERIA--TÉRMINO DE MATERIA
Término de materia o nombre geográfico como elemento de entrada Monarquía-
Subdivisión geográfica España-
Subdivisión de forma Historia.
9 (RLIN) 15145
852 ## - LOCALIZACIÓN
Ubicación ES-MaACL
Número de control de estantería R-1934-35
Nota libre -- Enc. hol.
Encuadernación -- Olim: G-8823-8824.
Holdings
Estatus retirado Estado de pérdida Estado de daño No para préstamo Colección Biblioteca de origen Biblioteca actual Ubicación en estantería Fecha de adquisición Total de préstamos Signatura topográfica completa Código de barras Visto por última vez Precio de reemplazo Tipo de ítem Koha
        Libros del s. XIX Biblioteca del Ateneo de Madrid Biblioteca del Ateneo de Madrid Depósito 17/01/2008   R-1934-35 1173189 23/02/2023 23/02/2023 Libro impreso antiguo